| 000 | 00729nam a2200181Ia 4500 | ||
|---|---|---|---|
| 008 | 151018s9999 xx 000 0 und d | ||
| 082 |
_bRBASDV115 _a954 |
||
| 100 | _aका. वि. राजवाडे | ||
| 245 | _aमराठ्यांच्या इतिहासाची साधने खंड-४ | ||
| 250 | _b1 | ||
| 260 |
_bक्ष _c1901 |
||
| 300 | _a350 | ||
| 600 | _aका. वि. राजवाडे | ||
| 630 | _aमराठ्यांच्या इतिहासाची साधने खंड-४ | ||
| 700 | _aका. वि. राजवाडे | ||
| 730 | _aमराठ्यांच्या इतिहासाची साधने खंड-४ | ||
| 942 | _cBOOK | ||
| 999 |
_c1002585 _d1002582 |
||